000 01913nam a22002537a 4500
003 Uzh_bibl
008 260402b |||||||| |||| 00| 0 ukr d
020 _a979-966-8826-14-5
_c101.00
040 _bукр.
041 _2ukr
_aukr
080 _a398.2(477)
090 _a398.2(477)
_bУ 45
100 _a
245 _aУкраїнські казки
_cупоряд.В.Є.Чумаченко ;худож.В.Чумаченко
_hТекст
260 _aХарків
_bПромінь
_c2023
300 _a64 с.
_bіл.
_fВ опр.
520 _aДо цієї чудово ілюстрованої книжки увійшли найкращі народні казки, в яких дивовижне й фантастичне постає нарівні з повсякденним та звичайним. Утілена в українській казці мудрість народу — це коштовний скарб. Поділіться ним із дитиною, нехай вона торкнеться світу добра. Ця книжка є справжньою колискою добрих див, які так щедро дарує дітям українська казка. Цікаві сюжети про мудрих, працьовитих, кмітливих та добрих героїв ілюстровані чудовими малюнками . Тож розповідь, що лине до читача, виграє всіма барвами, у чому можна переконатись, гортаючи сторінки цієї книжки.
521 _aДля молодшого шкільного віку
546 _aукр.
650 _aЛітературно-художне видання
653 _aРукавичка
_aСто вовків
_aБідний вовк
655 _aДитяча література
942 _2udc
_cBK
999 _c17252
_d17252